000 00616nam a2200193Ia 4500
003 IN-BaIIA
008 211028s9999 xx 000 0 eng d
020 _a0-08-023076-8
040 _cIIA Library
080 _a92:53
_bLIV
100 _aLivanova, Anna
_912259
245 0 _aLandau
_ba great physicist and teacher
_cAnna Livanova
260 _aOxford
_bPergamon Press
_c1980
300 _ax, 217p.
650 _aBiography - Landau
_912260
650 _aLandau - Biography
_912261
650 _aNASA thesaurus
942 _cBK
999 _c7150
_d7150